النظرية الاقتصادية الماركسية / (Record no. 30804)
[ view plain ]
| 000 -الفاتح | |
|---|---|
| حقل البيانات ثابتة الطول | 00596nam a2200205Ia 4500 |
| 008 - عناصر البيانات ثابتة الطول - معلومات عامة | |
| حقل البيانات ثابتة الطول | 140319s9999 xx 000 0 ara d |
| 040 ## - مصدر الفهرسة | |
| وكالة الفهرسة الأصلية | GCL / |
| وكالة النسخ | GCL |
| 082 04 - رقم تصنيف ديوى العشرى | |
| رقم التصنيف | 335.4 |
| رقم المادة | م ن |
| 100 1# - المدخل الرئيسى - إسم شخصى | |
| الإسم الشخصى | جورج طرابيشى |
| 245 10 - بيان العنوان | |
| العنوان | النظرية الاقتصادية الماركسية / |
| بيان المسئوليه,etc | جورج طرابيشى |
| 700 1# - المدخل الاضافى - اسم شخصى | |
| الإسم الشخصى | مانول, ازنست |
| 300 ## - الوصف المادى | |
| التعداد | 551 |
| 490 ## - بيان السلسلة | |
| عنوان السلسلة | |
| 650 04 - المدخل الاضافى بالموضوع-مصطلح موضوعى | |
| مصطلح موضوعي | الاقتصاد |
| 650 04 - المدخل الاضافى بالموضوع-مصطلح موضوعى | |
| مصطلح موضوعي | نظريات |
| 650 04 - المدخل الاضافى بالموضوع-مصطلح موضوعى | |
| مصطلح موضوعي | ماركس، كارل |
| 942 ## - عناصر المدخل الإضافي( كوها) | |
| مصدر التصنيف او مخطط الترفيف | Dewey Decimal Classification |
| Koha [default] item type | كتاب |
| 260 ## - PUBLICATION, DISTRIBUTION, ETC. (IMPRINT) | |
| -- | [S.N] : |
| -- | دار الحقيقة للطباعة والنشر |
| حالة التراجع | حالة الفقد | حالة تلف | ليس للاعارة | المكان المؤقت | الموقع الحالى | تاريخ الاكتساب | اجمالي اﻻعارات | رقم الطلب | الباركود | تاريخ اخر مشاهدة | تاريخ تفعيل السعر | نوع وعاء كوها | مصدر التصنيف او خطة الترفيف | موقع الترفيف |
|---|---|---|---|---|---|---|---|---|---|---|---|---|---|---|
| مكتبة القاهرة الكبرى | مكتبة القاهرة الكبرى | 03/26/2014 | 335.4\م ن | 71726 | 03/26/2014 | 03/26/2014 | كتاب | |||||||
| مكتبة القاهرة الكبرى | مكتبة القاهرة الكبرى | 04/11/2022 | 335.4 م ن | 167778 | 04/11/2022 | 04/11/2022 | كتاب | ddc | ق الرئيسية_العلوم الاجتماعية_ك عربى |

